| 000 | 01367nam a2200349Ia 4500 | ||
|---|---|---|---|
| 001 | ebr10288732 | ||
| 003 | CaPaEBR | ||
| 006 | m u | ||
| 007 | cr cn||||||||| | ||
| 008 | 080321s2008 enka sb 001 0 eng d | ||
| 010 | _z 2008013068 | ||
| 020 | _z9780754648345 | ||
| 020 | _z9780754690832 | ||
| 040 |
_aCaPaEBR _cCaPaEBR |
||
| 035 | _a(OCoLC)646810227 | ||
| 050 | 1 | 4 |
_aHC427.9 _b.C52175 2008eb |
| 100 | 1 | _aChen, Yun. | |
| 245 | 1 | 0 |
_aTransition and development in China _h[electronic resource] : _btowards shared growth / _cby Yun Chen. |
| 260 |
_aHants, England ; _aBurlington, VT : _bAshgate, _cc2008. |
||
| 300 |
_a[xvii], 407 p. : _bill. |
||
| 490 | 1 | _aTransition and development | |
| 504 | _aIncludes bibliographical references and index. | ||
| 533 |
_aElectronic reproduction. _bPalo Alto, Calif. : _cebrary, _d2011. _nAvailable via World Wide Web. _nAccess may be limited to ebrary affiliated libraries. |
||
| 650 | 0 |
_aEconomic development _zChina. |
|
| 651 | 0 |
_aChina _xEconomic policy _y1949-1976. |
|
| 651 | 0 |
_aChina _xEconomic policy _y1976-2000. |
|
| 651 | 0 |
_aChina _xEconomic policy _y2000- |
|
| 655 | 7 |
_aElectronic books. _2local |
|
| 710 | 2 | _aebrary, Inc. | |
| 830 | 0 | _aTransition and development. | |
| 856 | 4 | 0 |
_uhttp://site.ebrary.com/lib/rucke/Doc?id=10288732 _zAn electronic book accessible through the World Wide Web; click to view |
| 999 |
_c554 _d554 |
||